Most contrasting populations - Statistics

General Stats
  • This quiz has been taken 105 times
  • The average score is 39 of 44
Answer Stats
contrast country % Correct
150.9 China
100%
197.8 China
100%
220.6 China
100%
439.0 China
100%
1865.4 China
100%
1788.5 India
99%
270.2 Brazil
94%
362.3 Brazil
94%
1788.5 Bhutan
93%
1865.4 Bhutan
93%
104.3 France
93%
111.3 France
93%
844.8 France
93%
1663.4 France
93%
1781.9 Italy
93%
75482.9 Italy
93%
75482.9 Vatican City
93%
1663.4 Monaco
92%
1781.9 San Marino
92%
605.1 Andorra
91%
844.8 Andorra
91%
133.8 Germany
91%
104.3 Luxembourg
91%
133.8 Luxembourg
91%
605.1 Spain
91%
270.2 Guyana
90%
439.0 Mongolia
90%
110.0 Russia
90%
111.3 Suriname
88%
362.3 Suriname
88%
150.9 Tajikistan
85%
207.5 Indonesia
84%
220.6 Kyrgyzstan
84%
236.2 Austria
81%
227.0 Liechtenstein
81%
236.2 Liechtenstein
81%
197.8 Laos
80%
227.0 Switzerland
80%
207.5 East Timor
79%
110.0 Estonia
73%
324.3 Mexico
69%
324.3 Belize
64%
116.4 Ethiopia
63%
116.4 Djibouti
62%
No matching quizzes found
Score Distribution
Percent of People with Each Score
Percentile by Number Answered
Your Score History
You have not taken this quiz